[Event "Canadian op"]
[Site "Montreal"]
[Date "2008.07.20"]
[Round "2"]
[White "Nicula, Marius"]
[Black "Meera, Sai Ravi"]
[Result "1/2-1/2"]
[WhiteElo "2209"]
[BlackElo "2179"]
[PlyCount "31"]
[EventDate "2008.07.19"]
[EventType "swiss"]
[EventRounds "9"]
[EventCountry "CAN"]
[SourceTitle "CBM 125 Extra"]
[Source "ChessBase"]
[SourceDate "2008.09.01"]
[SourceVersion "1"]
[SourceVersionDate "2008.09.01"]
[SourceQuality "1"]

1. e4 c5 2. d3 Nc6 3. g3 d5 4. Nd2 Nf6 5. Bg2 g6 6. Ne2 Bg7 7. 0-0 0-0 8. c3 e5 9. h3 b6 10. Qa4 Bb7 11. f4 dxe4 12. Nxe4 Nh5 13. fxe5 Qxd3 14. Nf4 Nxf4 15. Bxf4 Qa6 16. Qxa6 1/2-1/2